Karoo boy
| Main Author: | |
|---|---|
| Format: | Book |
| Published: |
Orlando :
Magic Carpet Books ,
2004
|
| Subjects: |
MARC
| LEADER | 00000cam a2200000 7i4500 | ||
|---|---|---|---|
| 001 | 0000103473 | ||
| 005 | 20060918.0 | ||
| 020 | |a 0156030659 | ||
| 090 | 0 | 0 | |a F |b BLA |
| 100 | 1 | |a Blacklaws, Troy | |
| 245 | 1 | 0 | |a Karoo boy |c Troy Blacklaws |
| 260 | |a Orlando : |b Magic Carpet Books , |c 2004 | ||
| 300 | |a 196p. ; |c 20cm. | ||
| 650 | 0 | 0 | |a Fiction |
| 999 | |a 00195705 |b BUKU |c FICTION |e PERPUSTAKAAN KOMUNITI PETALING JAYA | ||